Central Library OPAC University of Rajshahi

International encyclopedia of linguistics / (Record no. 38851)

MARC details
000 -LEADER
fixed length control field 01199nam a2200325 a 4500
001 - CONTROL NUMBER
control field 38851
003 - CONTROL NUMBER IDENTIFIER
rucl marc code BD-RjUL
005 - DATE AND TIME OF LATEST TRANSACTION
control field 20211209052854.0
008 - FIXED-LENGTH DATA ELEMENTS--GENERAL INFORMATION
fixed length control field 160316s2003 enk| |be 001 0 eng
020 ## - INTERNATIONAL STANDARD BOOK NUMBER
International Standard Book Number 0195139771 (set : alk. paper) :
Terms of availability 2654 (4 Vol. Set)
International Standard Book Number 019516783X (volume 1)
International Standard Book Number 0195167848 (volume 2)
International Standard Book Number 0195167856 (volume 3)
International Standard Book Number 0195167864 (volume 4)
035 ## - SYSTEM CONTROL NUMBER
System control number (BD-RjUL) 38960
040 ## - CATALOGING SOURCE
Original cataloging agency DLC
Transcribing agency DLC
Modifying agency DLC
-- BD-RjUL
Language of cataloging eng
041 ## - LANGUAGE CODE
Language code of text/sound track or separate title eng
082 00 - DEWEY DECIMAL CLASSIFICATION NUMBER
Classification number 410.3
Edition number 21
Author mark and year INT 2003
245 00 - TITLE STATEMENT
Title International encyclopedia of linguistics /
Statement of responsibility, etc. William J. Frawley, editor in chief.
250 ## - EDITION STATEMENT
Edition statement 2nd ed.
260 ## - PUBLICATION, DISTRIBUTION, ETC. (IMPRINT)
Place of publication, distribution, etc. Oxford ;
-- New York :
Name of publisher, distributor, etc. Oxford University Press,
Date of publication, distribution, etc. c2003.
300 ## - PHYSICAL DESCRIPTION
Pagination 4 v. :
Illustrations ill. ;
Size 29 cm.
504 ## - BIBLIOGRAPHY, ETC. NOTE
Bibliography, etc Includes bibliographical references and index.
505 0# - FORMATTED CONTENTS NOTE
Formatted contents note vol.1. AAVE - Esperanto -- v. 2. Ethnography of speaking - Mamfe languages -- v. 3. Mande languages - Selection -- v. 4. Semantic and lexical change - Zulu.
650 #0 - SUBJECT ADDED ENTRY--TOPICAL TERM
Topical term or geographic name as entry element Linguistics
Form subdivision Encyclopedias.
9 (RLIN) 119832
700 1# - ADDED ENTRY--PERSONAL NAME
Personal name Frawley, William, J. , ed. in Chief
Dates associated with a name 1953-
942 ## - ADDED ENTRY ELEMENTS (KOHA)
Source of classification or shelving scheme Dewey Decimal Classification
Koha item type Reference
Holdings
Lost status Source of classification or shelving scheme Damaged status Not for loan Collection code Permanent Location Current Location Shelving location Date acquired Source of acquisition Cost, normal purchase price Total Checkouts Full call number Date last seen Copy number Koha item type
  Dewey Decimal Classification   Not For Loan Non-fiction Central Library, University of Rajshahi Central Library, University of Rajshahi   03/08/2008 Dhaka, Paragon Enterprises Ltd. 525.00   R 410.3 INT V-1 2003 14/03/2016 C-1 Reference
  Dewey Decimal Classification   Not For Loan Non-fiction Central Library, University of Rajshahi Central Library, University of Rajshahi   03/08/2008 Dhaka, Paragon Enterprises Ltd. 525.00   R 410.3 INT V-2 2003 14/03/2016 C-1 Reference
  Dewey Decimal Classification   Not For Loan Non-fiction Central Library, University of Rajshahi Central Library, University of Rajshahi   03/08/2008 Dhaka, Paragon Enterprises Ltd. 525.00   R 410.3 INT V-3 2003 14/03/2016 C-1 Reference
  Dewey Decimal Classification   Not For Loan Non-fiction Central Library, University of Rajshahi Central Library, University of Rajshahi   03/08/2008 Dhaka, Paragon Enterprises Ltd. 525.00   R 410.3 INT V-4 2003 14/03/2016 C-1 Reference